000 00450nmm a2200157Ia 4500
008 251105s9999||||xx |||||||||||||||||und||
041 _aspa
100 _aChamayou, Grégoire
245 0 _aLa sociedad ingobernable
264 _a[Madrid, España] :
_bAkal,
_c2022
300 _a432 páginas
490 _aPensamiento crítico
650 _aPolitical Science (General)
856 _uhttps://public.digitaliapublishing.com/a/113679
942 _cCF
999 _c100429
_d100429